00429nam a22001337a 4500008004100000020001500041082001600056100002000072245005100092260004000143300003400183650005800217700002000275150430b xxu||||| |||| 00| 0 eng d a8492392584 a700bR 734f aRoglan, Joaquim aFundacio Joan Miro. 25 añoscRoglan, Joaquim aBarcelonabFundacio Joan Miroc2001 a169 p.bill. (col)c22.5x23.5 xFundacio Miro-25 anysxArte moderno xEspaña xS.20 aRoglan, Joaquim